أنساب الخيل في الجاهلية و الإسلام و أخبارها / (رقم التسجيلة. 33834)
[ عرض عادي ]
| 000 -LEADER | |
|---|---|
| fixed length control field | 00612nam a22001817a 4500 |
| 005 - DATE AND TIME OF LATEST TRANSACTION | |
| control field | 20251108165901.0 |
| 008 - FIXED-LENGTH DATA ELEMENTS--GENERAL INFORMATION | |
| fixed length control field | 250721s1946 xx 000 0 ara d |
| 082 14 - DEWEY DECIMAL CLASSIFICATION NUMBER | |
| Classification number | م/636.1/كلب |
| 100 1# - MAIN ENTRY--PERSONAL NAME | |
| Personal name | إبن الكلبي، أبو المنذر هشام |
| 245 10 - TITLE STATEMENT | |
| Title | أنساب الخيل في الجاهلية و الإسلام و أخبارها / |
| 264 1# - PRODUCTION, PUBLICATION, DISTRIBUTION, MANUFACTURE, AND COPYRIGHT NOTICE | |
| Place of production, publication, distribution, manufacture | القاهرة : |
| Name of producer, publisher, distributor, manufacturer | دار الكتب المصرية، |
| Date of production, publication, distribution, manufacture, or copyright notice | 1946. |
| 300 ## - PHYSICAL DESCRIPTION | |
| Extent | 136ص |
| 650 17 - SUBJECT ADDED ENTRY--TOPICAL TERM | |
| Topical term or geographic name as entry element | الخيول |
| 650 17 - SUBJECT ADDED ENTRY--TOPICAL TERM | |
| Topical term or geographic name as entry element | الخيول العربية |
| 700 1# - ADDED ENTRY--PERSONAL NAME | |
| Personal name | الباشا، أحمد زكي |
| Relator term | تحقيق |
| 942 ## - ADDED ENTRY ELEMENTS (KOHA) | |
| Source of classification or shelving scheme | Dewey Decimal Classification |
| Koha item type | مراجع |
| حالة السحب | حالة الفقدان | مصدر التصنيف | حالة التلف | غير قابل للإعارة | المكتبة الرئيسية | المكتبة الحالية | موقع الرف | تاريخ التزويد | الرقم المتسلسل | Total Checkouts | رقم الإستدعاء | الباركود | تاريخ آخر ظهور | تاريخ الفاتورة | نوع المادة (كوها) |
|---|---|---|---|---|---|---|---|---|---|---|---|---|---|---|---|
| Dewey Decimal Classification | Not For Loan | المكتبة المركزية | المكتبة المركزية | مراجع | 06/07/2004 | 223911 | م/636.1/كلب | 223911 | 28/07/2025 | 06/07/2004 | مراجع | ||||
| Dewey Decimal Classification | Not For Loan | مكتبة الأميرة ايمان العامة | مكتبة الأميرة ايمان العامة | مراجع | 30/11/2013 | [7423] | م/636.1/كلب | PLD00288574 | 28/07/2025 | 30/11/2013 | مراجع | ||||
| Dewey Decimal Classification | Not For Loan | مكتبة صويلح العامة | مكتبة صويلح العامة | مراجع | 13/10/2019 | 010831 | م/636.1/كلب | PLD00471470 | 28/07/2025 | 13/10/2019 | مراجع |